000
00332nam a22001457a 4500
008
230907b ||||| |||| 00| 0 eng d
020
_a
9780465006847
041
_a
eng
080
_a
574
082
_a
574
100
_a
44
101
_a
MJEDISI
245
_a
READING THE ROCKS
_c
THE AUTOBIOGRAPHY OF THE EARTH
942
_2
udc
_c
BK
999
_c
60295
_d
60295